Engineering economy (Record no. 1549)

000 -LEADER
fixed length control field 00674nam a22002294a 4500
001 - CONTROL NUMBER
control field 1549
003 - CONTROL NUMBER IDENTIFIER
control field BD-DhUET
008 - FIXED-LENGTH DATA ELEMENTS--GENERAL INFORMATION
fixed length control field 000424s2001 njua b 001 0 eng
020 ## - INTERNATIONAL STANDARD BOOK NUMBER
International Standard Book Number 013028128X
040 ## - CATALOGING SOURCE
Original cataloging agency DLC
Transcribing agency DLC
Modifying agency BD-DhUET
082 00 - DEWEY DECIMAL CLASSIFICATION NUMBER
Classification number 620.02
Item number THU/2001
100 ## - MAIN ENTRY--PERSONAL NAME
Personal name Thuesen, G. J.
245 10 - TITLE STATEMENT
Title Engineering economy
Statement of responsibility, etc. by G.J. Thuesen and W.J. Fabrycky
250 ## - EDITION STATEMENT
Edition statement 9th ed.
260 ## - PUBLICATION, DISTRIBUTION, ETC. (IMPRINT)
Place of publication, distribution, etc. New Jersy
Name of publisher, distributor, etc. Prentice Hall
Date of publication, distribution, etc. 2001
300 ## - PHYSICAL DESCRIPTION
Extent xiv, 637 p.
Other physical details ill.
Dimensions 25 cm.
490 ## - SERIES STATEMENT
Series statement Prentice hall international series in industrial and sytems engineering
504 ## - BIBLIOGRAPHY, ETC. NOTE
Bibliography, etc Includes bibliographies
650 #0 - SUBJECT ADDED ENTRY--TOPICAL TERM
Topical term or geographic name as entry element Engineering economy
700 1# - ADDED ENTRY--PERSONAL NAME
Personal name Fabrycky, W. J.
942 ## - ADDED ENTRY ELEMENTS (KOHA)
Koha item type General Book
Holdings
Price effective from Koha normalized classification for sorting Copy number Piece designation (barcode) Lost status Not for loan Damaged status Koha date last borrowed Sublocation or collection (holding branch) Withdrawn status Koha date last seen Koha item type Location (home branch) Source of classification or shelving scheme Koha full call number Koha issues (times borrowed) Date acquired Shelving location
2014-09-08620_000000000000000_02THU20011102596    Central Library, BUET 2014-09-08General BookCentral Library, BUET 620.02/THU/2001 2014-09-08Circulation section
2014-09-08620_000000000000000_02THU20012102594    Central Library, BUET 2014-09-08General BookCentral Library, BUET 620.02/THU/2001 2014-09-08Circulation section
2014-09-08620_000000000000000_02THU20013102590   2021-11-29Central Library, BUET 2021-12-20General BookCentral Library, BUET 620.02/THU/200112014-09-08Circulation section
2014-09-08620_000000000000000_02THU20014102595    Central Library, BUET 2014-09-08General BookCentral Library, BUET 620.02/THU/2001 2014-09-08Circulation section
2014-09-08620_000000000000000_02THU20015102589    Central Library, BUET 2014-09-08General BookCentral Library, BUET 620.02/THU/2001 2014-09-08Circulation section
2014-09-08620_000000000000000_02THU20016102588    Central Library, BUET 2014-09-08General BookCentral Library, BUET 620.02/THU/2001 2014-09-08Circulation section
2014-09-08620_000000000000000_02THU20018102592   2022-03-21Central Library, BUET 2022-04-16General BookCentral Library, BUET 620.02/THU/200122014-09-08Circulation section
2014-09-08620_000000000000000_02THU20019102591    Central Library, BUET 2014-09-08General BookCentral Library, BUET 620.02/THU/2001 2014-09-08Circulation section
2014-09-15620_000000000000000_02THU200110102593    Central Library, BUET 2014-09-15General BookCentral Library, BUET 620.02/THU/2001 2014-09-15Circulation section
2014-09-27620_000000000000000_02THU200111101877   2021-12-04Central Library, BUET 2021-12-20General BookCentral Library, BUET 620.02/THU/200132014-09-27Circulation section
2014-10-19620_000000000000000_02THU200112112838    Central Library, BUET 2014-10-19General BookCentral Library, BUET 620.02/THU/2001 2014-10-19Circulation section
2014-11-23620_020000000000000_THU_200113101878    Central Library, BUET 2014-11-23General BookCentral Library, BUET 620.02/THU/2001 2014-11-23Circulation section